000 00590nam a22002057a 4500
003 OSt
005 20150114140103.0
008 150114b xxu||||| |||| 00| 0 eng d
020 _a0748729984
040 _cDNLM
082 _aWB 460 A61p 1997
100 _aArnould-Taylor William
_92406
245 _aArnould-Taylor's principles and practice of physical therapy /
_cWilliam Arnould-Taylor
250 _a4th ed.
260 _aUK :
_bStanely Thornes ;
_c1997.
300 _av, 266 p :
_bcol.ill;
_c27 cm.
504 _aIncludes index.
650 _aPhysical therapy
_92407
942 _2z
_cSLOAN
999 _c891
_d891